000 00380nam a22001457a 4500
999 _c8828
_d8828
003 OSt
008 200711b ||||| |||| 00| 0 eng d
100 _a Gokhale,S. B Kokate,C. K Tatiya,A. U
245 _aPHARMACOGNOSY AND PHYTOCHEMISTRY -- I
250 _a2019
260 _aN Delhi
_bNirali Prakashan
_c2019
300 _a11.51
650 _aPharmacognosy
942 _2ddc
_cBK
_05